| 000 | 01024nam a22003017i 4500 | ||
|---|---|---|---|
| 003 | EG-GICUC | ||
| 005 | 20260209132749.0 | ||
| 008 | 260209s1932 fr ||||fr|||| 00| 0 fre d | ||
| 040 |
_aEG-GiCUC _bfre _cEG-GiCUC _dEG-GiCUC _eRda |
||
| 041 |
_afre _hfre |
||
| 082 | 0 | 4 |
_221 _a341.8 _bBI . C |
| 092 | 0 | 4 | _221 |
| 099 | _aLaw 12 341.8 BI . C 1932 | ||
| 100 | 1 |
_aBireaud, Roger _eAuteur |
|
| 245 | 0 | 1 |
_aContribution à l’étude de l’ordre public en droit international privé / _cPar Roger Bireaud. |
| 264 |
_aAix-Marseille; _bUniversité d’Aix-en-Provence, _c1932. |
||
| 300 |
_a154 page : _billustration ; _c 24 cm. |
||
| 336 |
_2rda contenu _a texte |
||
| 337 |
_2rda medias _aOrdinateur |
||
| 338 |
_2 transporteur rda _a Ressource en ligne |
||
| 504 | _aBibliography: pages 200-250. 240-220 | ||
| 546 | _aTexte en français | ||
| 650 | 1 |
_aDroit international privé _2qrmak |
|
| 651 | 1 | _2qrmak | |
| 856 | 4 | 0 | _uhttps://fll.law.cu.edu.eg/fulltext/bks/B12-02741.pdf |
| 905 | _a31 | ||
| 942 |
_2ddc _cBK _e21 _n0 |
||
| 999 |
_c61821 _d61821 |
||